| 000 | 00413nam a2200145 a 4500 | ||
|---|---|---|---|
| 001 | 5657 | ||
| 003 | CDMR | ||
| 005 | 20131028130708.0 | ||
| 008 | 130130s1995||||||||||||||||||||||||||||d | ||
| 040 |
_aCDMR _bcat _cCPC GIRONA |
||
| 245 | 0 |
_aVisions de Girona _b: recull d'articles guardonats amb el Premi periodĂstic Manuel BonmatĂ |
|
| 260 |
_c1995 _bRotary Internacional _aGirona |
||
| 300 | _a90 p. | ||
| 942 |
_cMON _2udc |
||
| 999 |
_c5657 _d5657 |
||